| 000 | 003780000a22001570004500 | ||
|---|---|---|---|
| 001 | 004795 | ||
| 003 | MACL | ||
| 040 | _aMACL | ||
| 090 |
_c16788 _d16787 |
||
| 100 | _aZysk, Kenneth | ||
| 245 |
_aMedicine In The Veda _bReligious Healing In The Veda _cKenneth Zysk |
||
| 260 |
_aMotilal Banarsidass Publishers, _c1996 |
||
| 350 | _a275 | ||
| 650 | _aReligion | ||
| 942 |
_k295 _cBook |
||
| 999 |
_c16681 _d16681 |
||